Klicke die Landkreise von Thüringen auf einer Karte - Statistiken

Allgemein
  • Dieses Quiz wurde 218 mal gespielt
  • Das Durchschnittsergebnis liegt bei 16 aus 22
Antworten auf der Karte
Die Antworten werden auf der Karte rot bzw. grün angezeigt, abhängig davon wie oft sie richtig erraten wurden.
 
Antwortstatistiken
Antwort % Korrekt
Jena
86%
Weimarer Land
85%
Nordhausen
84%
Erfurt
81%
Weimar
80%
Altenburger Land
77%
Eichsfeld
77%
Wartburgkreis
76%
Gera
73%
Sömmerda
73%
Gotha
72%
Kyffhäuserkreis
72%
Sonneberg
71%
Suhl
70%
Greiz
69%
Hildburghausen
69%
Saalfeld-Rudolstadt
69%
Schmalkalden-Meiningen
67%
Unstrut-Hainich-Kreis
67%
Ilm-Kreis
66%
Saale-Orla-Kreis
64%
Saale-Holzland-Kreis
57%
Keine übereinstimmenden Quizze gefunden
Verteilung der Resultate
Anzahl Personen mit jedem Resultat
Perzentil nach korrekt beantworteten Fragen
Ihre Resultats-Entwicklung
Sie haben dieses Quiz noch nicht gespielt